000 01106cam a22002771i 4500
003 OSt
005 20241002151823.0
008 240925s2002 sy g 000 0 ara c
040 _aSA-RiAUC
_bara
_cSA-RiAUC
_erda
082 0 4 _a214.34
_qSA-RiAUC
090 _a214.34
_bب ا ر
100 1 _aالبار، محمد علي،
_d1358 هجري-
_eمؤلف.
245 1 2 _aالاعتداء على الأطفال /
_cمحمد علي البار.
250 _aالطبعة الأولى.
264 1 _aدمشق, سوريا :
_bدار القلم،
_c2002
264 2 _aمصر :
_bدار السلام للطباعة والنشر والتوزيع والترجمة
300 _aصفحة ؛
_c17 × 12 سم
336 _aنص
_btxt
_2rdacontent
_3كتاب
337 _aبدون وسيط
_bn
_2rdamedia
338 _aمجلد
_bnc
_2rdacarrier
650 7 _aالأطفال (فقه إسلامي)
_2aucsh
650 7 _aالأطفال
_xعنف ضد (قانون دولي)
_2aucsh
650 7 _aالأطفال
_xعنف ضد
_xجوانب دينية
_2aucsh
942 _2ddc
_cBOOK
_n0
949 _aSA-JeALM
_d240925
_umohamedma123
_n1
999 _c819
_d819